Statistics for AK’s General Knowledge A-Z #11

Click here to take the quiz!

General Stats

  • This quiz has been taken 529 times
  • The average score is 18 of 26

Answer Stats

HintAnswer% Correct
G – entryways to hell such as Mount Etna, or the richest Bill in the worldGates
93%
J – Thai fragrant rice, or Disney princess from “Aladdin”Jasmine
92%
V – American football team Minnesota _____, referring to Scandinavian seafaring warriorsVikings
87%
X – a musical instrument that consists of wooden bars struck by mallets; the name means “sound of wood”Xylophone
87%
N – Keanu Reeves character in “The Matrix”, or a prefix meaning newNeo
85%
A – the only continent without active volcanoesAustralia
83%
M – to intend, or the average of a set of valuesMean
83%
H – someone coming from the second-largest city in Germany, or a hot sandwich that you cannot escape nowadays even in North KoreaHamburger
82%
E – H. C. Andersen’s tale “The ______'s New Clothes”Emperor
81%
Z – to compress files, or a clothing innovation from the late 19th centuryZip
80%
D – matter that accounts for about 85% of the matter in the universe, or where Bruce Springsteen is dancingDark
79%
U – short name for any German (military) submarineU-boat
78%
C – Swedish athlete Klüft, or two U.S. statesCarolina
72%
F – discovered penicillin and predicted the rise of antibiotic-resistant bacteriaAlexander Fleming
70%
B – fibre-rich part of cereal grains, or the Stark boy pushed out the window (by Jaime Lannister saying, “The things I do for love”)Bran
70%
W – Guillermo del Toro’s 2017 fantasy film “The Shape of ____”Water
70%
O – 2017 game Super Mario _____, refers also to one very, very long journey from Troy to IthacaOdyssey
67%
L – elf in “The Lord of the Rings” who has a Danish plastic block in his nameLegolas
65%
R – something you can do with a troublemaker or in a boat, or a line of regularly spaced objectsRow
63%
P – the northern major island of the country of São Tomé and ______Príncipe
62%
Y – vertical axis on a graphY-axis
58%
K – if you were a teenage girl in the 90s, you probably know what K in NKOTB isKids
57%
I – the innermost and third largest of the four Galilean moons of JupiterIo
53%
S – to hurt with a sharp point, or Gordon Matthew Thomas SumnerSting
43%
Q – Sue Grafton’s mystery novel "Q Is for ____” about a body found near an open-pit mineQuarry
37%
T – capital city previously known as Reval and whose current name possibly means “Danish town” or “winter-castle”Tallinn
31%

Score Distribution

Percentile by Number Answered

Percent of People with Each Score

Your Score History

You have not taken this quiz